Landlocked Countries with the Strongest Militaries - Statistics

General Stats
  • This quiz has been taken 887 times
    542 since last reset
  • The average score is 10 of 13
Answer Stats
Rank PwrIndx Country % Correct
44 0.7869 Switzerland
91%
68 1.3704 Austria
90%
57 1.1016 Kazakhstan
88%
55 1.0259 Hungary
84%
53 0.9994 Czechia
83%
63 1.2576 Serbia
81%
80 1.7221 Bolivia
80%
71 1.3978 Slovakia
80%
58 1.1121 Uzbekistan
73%
70 1.3941 Belarus
72%
77 1.6512 Turkmenistan
66%
52 0.9305 Ethiopia
49%
60 1.2531 Azerbaijan
44%
No matching quizzes found
Score Distribution
Percent of People with Each Score
Percentile by Number Answered
Your Score History
You have not taken this quiz since the last reset